00733nam a22001937a 450000500170000001000150001702000260003203500140005803700130007208200170008510000210010224502010012326000370032427000700036130000250043150000340045670000180049070000310050820170713151953.0 aENG-119177 a9788175418363c550.00 aEN-102709 bDBAD/PUB a381.14209538 aSatyanarayana,P. aE-service quality and attitude toward online shopping in development countries:/cby Mohammad Sulaman Alnasser, Raibiul Islam [and] Ahmad Bashawir Abdul Ghanibstudy of Malaysia amd Saudi Arabia / aDelhibShipra Publicationsc2015 aLG-18-19,Pankaj Central Market,I.P.Ext. PatparganjbDelhie110092 axii,220p.c23cm(pbk) aIncludes references and index aRaibiul Islam aAhmad Bashawir Abdul Ghani